书目信息 |
| 题名: |
旧制度与大革命
|
|
| 作者: | 托克维尔 著 ;范一亭 译 | |
| 分册: | ||
| 出版信息: | 南京 译林出版社 2017 |
|
| 页数: | 191页 | |
| 开本: | 22cm | |
| 丛书名: | ||
| 单 册: | ||
| 中图分类: | K565.41 | |
| 科图分类: | ||
| 主题词: | 法国大革命--fa guo da ge ming--研究 | |
| 电子资源: | ||
| ISBN: | 978-7-5447-6324-0 | |
| 000 | 01157nam0 2200253 450 | |
| 001 | 1968914550 | |
| 005 | 20191106190907.44 | |
| 010 | @a978-7-5447-6324-0@dCNY32.00 | |
| 100 | @a20160526d2017 em y0chiy50 ea | |
| 101 | 1 | @achi@cfre |
| 102 | @aCN@b320000 | |
| 105 | @ay z 000yy | |
| 200 | 1 | @a旧制度与大革命@Ajiu zhi du yu da ge ming@f(法国) 阿历克西·德·托克维尔著@d= L'ancien regime et la revolution@fAlexis De Tocqueville@g范一亭译@zfre |
| 210 | @a南京@c译林出版社@d2017 | |
| 215 | @a191页@d22cm | |
| 314 | @a阿历克西·德·托克维尔, 法国著名政治思想家、历史学家、社会学家。范一亭, 北京科技大学英语系讲师, 香港浸会大学哲学博士。 | |
| 330 | @a本书主要内容包括: 大革命爆发之际关于它的各种争议、一些人的错误推测: 大革命最根本和最终的目标并非破坏宗教权威和削弱政治权威、法国大革命既是政治革命, 又是过程相同的宗教革命, 原因何在? 等。 | |
| 500 | 10 | @aL'ancien regime et la revolution@mChinese |
| 606 | 0 | @a法国大革命@Afa guo da ge ming@x研究 |
| 690 | @aK565.41@v5 | |
| 701 | 1 | @a托克维尔@Atuo ke wei er@g(Tocqueville, Alexis De),@f1805-1959@4著 |
| 702 | 0 | @a范一亭@Afan yi ting@4译 |
| 801 | 0 | @aCN@b人天书店@c20160526 |
| 905 | @aBZT@dK565.41@e2 | |
| 旧制度与大革命/(法国) 阿历克西·德·托克维尔著= L'ancien regime et la revolution/Alexis De Tocqueville/范一亭译.-南京:译林出版社,2017 |
| 191页;22cm |
| ISBN 978-7-5447-6324-0:CNY32.00 |
| 本书主要内容包括: 大革命爆发之际关于它的各种争议、一些人的错误推测: 大革命最根本和最终的目标并非破坏宗教权威和削弱政治权威、法国大革命既是政治革命, 又是过程相同的宗教革命, 原因何在? 等。 |
| ● |
| 相关链接 |
|
|
|
正题名:旧制度与大革命
索取号:K565.41/2
 
预约/预借
| 序号 | 登录号 | 条形码 | 馆藏地/架位号 | 状态 | 备注 |
| 1 | 860735 | 2000860735 | 第二书库/ [索取号:K565.41/2] | 在馆 | |
| 2 | 860736 | 2000860736 | 第二书库/ [索取号:K565.41/2] | 在馆 | |
| 3 | 860737 | 2000860737 | 第二书库/ [索取号:K565.41/2] | 在馆 |